MARC details
| 000 -CABECERA |
| campo de control de longitud fija |
02417nab a2200289 a 4500 |
| 005 - FECHA Y HORA DE LA ÚLTIMA TRANSACCIÓN |
| campo de control |
20240910064020.0 |
| 008 - ELEMENTOS DE LONGITUD FIJA--INFORMACIÓN GENERAL |
| campo de control de longitud fija |
991125c2017 sp fr p o 000 0 spa d |
| 035 ## - NÚMERO DE CONTROL DEL SISTEMA |
| Número de control de sistema |
UPN01000227184 |
| 040 ## - FUENTE DE LA CATALOGACIÓN |
| Centro catalogador/agencia de origen |
UPN |
| Lengua de catalogación |
spa |
| Centro/agencia transcriptor |
UPN |
| Normas de descripción |
aacr2 |
| 049 ## - COLECCIÓN |
| Colección |
ART-E |
| 100 1# - ASIENTO PRINCIPAL--NOMBRE PERSONAL |
| Nombre de persona |
Bermúdez, Victoria E. |
| 245 10 - MENCIÓN DE TÍTULO |
| Título |
Ansiedad, depresión, estrés y autoestima en la adolescencia. Relación, implicaciones y consecuencias en la educación privada |
| Medio |
[recurso electrónico en línea] |
| 506 0# - NOTA DE RESTRICCIONES AL ACCESO |
| Limitaciones de acceso |
Acceso abierto |
| 520 3# - NOTA DE RESUMEN, ETC. |
| Sumario, etc. |
La adolescencia es una etapa de turbulencias y cambios a nivel físico, socioafectivo y conductual, caracterizada por una elevada reactividad emocional al estrés y un aumento de las conductas exploratorias, lo cual favorece al desarrollo del individuo, pero de forma desmedida puede derivar en problemas psicológicos. El objetivo de este trabajo ha sido evaluar los niveles de depresión, ansiedad, estrés y autoestima de una muestra de adolescentes estudiantes de educación privada, analizando las relaciones entre las variables y sus implicaciones sobre el rendimiento académico. Para ello, a través de una metodología no experimental de corte correlacional, se han analizado los datos de 141 alumnos/as de bachillerato. Se ha encontrado que los niveles de malestar emocional (depresión, ansiedad, estrés) están por encima de las puntuaciones normales (sujetos no clínicos), así como que existen diferencias significativas en función del sexo y relación con el rendimiento académico. Las características del tipo de centro, el alumnado, y la propia etapa evolutiva en la que se encuentran pueden explicar los resultados encontrados en el presente estudio, los cuales se describen más detalladamente en los apartados resultados y discusión. Por último, estos resultados indican la necesidad de trabajar estos aspectos en el ámbito educativo. |
| 650 #4 - ASIENTO SECUNDARIO DE MATERIA - TERMINO TEMATICO |
| Término de materia o nombre geográfico como elemento de entrada |
Adolescencia |
| 9 (RLIN) |
1008 |
| 650 #7 - ASIENTO SECUNDARIO DE MATERIA - TERMINO TEMATICO |
| 9 (RLIN) |
4750 |
| Término de materia o nombre geográfico como elemento de entrada |
Ansiedad |
| 650 #4 - ASIENTO SECUNDARIO DE MATERIA - TERMINO TEMATICO |
| 9 (RLIN) |
2906 |
| Término de materia o nombre geográfico como elemento de entrada |
Autoestima |
| 650 #2 - ASIENTO SECUNDARIO DE MATERIA - TERMINO TEMATICO |
| 9 (RLIN) |
9774 |
| Término de materia o nombre geográfico como elemento de entrada |
Educación privada |
| 653 0# - TERMINO DE INDIZACION - NO CONTROLADO |
| Término no controlado |
Malestar emocional |
| 653 0# - TERMINO DE INDIZACION - NO CONTROLADO |
| Término no controlado |
Estrés |
| 653 0# - TERMINO DE INDIZACION - NO CONTROLADO |
| Término no controlado |
Contexto educativo |
| 773 ## - ENLACE AL DOCUMENTO FUENTE/ENTRADA DE REGISTRO ANFITRIÓN |
| Parte(s) relacionada(s) |
No. 26 (2017), p. 37-52 |
| Título |
Cuestiones pedagógicas : revista de ciencias de la educación |
| Número Internacional Normalizado para Publicaciones Seriadas |
0213-1269 |
| 856 4# - LOCALIZACIÓN Y ACCESO ELECTRÓNICOS |
| Identificador Uniforme del Recurso |
<a href="https://revistascientificas.us.es/index.php/Cuestiones-Pedagogicas/article/view/5351/4649">https://revistascientificas.us.es/index.php/Cuestiones-Pedagogicas/article/view/5351/4649</a> |
| 856 4# - LOCALIZACIÓN Y ACCESO ELECTRÓNICOS |
| Identificador Uniforme del Recurso |
<a href="http://dx.doi.org/10.12795/CP.2017.i26.01">http://dx.doi.org/10.12795/CP.2017.i26.01</a> |
| 905 ## - TIPO DE MATERIAL |
| Tipo de material |
Articulo |
| 942 ## - ELEMENTOS DE PUNTO DE ACCESO ADICIONAL (KOHA) |
| Tipo de ítem Koha |
Artículo Electrónico |